000 01116nam a22003377a 4500
003 DO-SdBNP
005 20220704132752.0
008 060721 20uu sp ac spa
017 _a
_b
020 _a9788430534838
035 _a
040 _aBPMSU
_bspa
_cBPMSU
_e
082 _a709
_bP942c
_222
100 _aPrette, María Carla
245 1 0 _aComprender el arte :
_by entender su lenguaje/
_cMaría Carla Prette, Alfonso De Giorgis ; dirección editorial Isabel Ortiz ; traducción Carmen Gutiérrez
_h
246 1 4 _aAtlas ilustrado para comprender el arte
260 _aMadrid :
_bSusaeta ;
_bGiunti Gruppo Editoriale,
_c[2002].
_e
_f
300 _a191 p. ;
_bil., retrs.
_c28 cm.
500 _aIncluye índice
500 _aIncluye glosario.
534 _aTítulo original
_tCapire l´arte
590 _6Inventariado, 2022/VM
650 4 _aArte
_xTécnicas.
650 4 _aApreciación del arte
650 4 _aComposición (Arte)
700 1 _aDe Giorgis, Alfonso
700 1 _aGutiérrez, Carmen
_etraductor
910 _aVMateo V.
942 _2ddc
_cBK
980 _a
_a
_b
_j
_c
999 _c12810
_d12810